000 00409nam a2200181Ia 4500
001 4747
005 20260306145818.0
008 260306t1993||||xx |||||||||||||| ||spa||
041 _aESP
082 _a330.015195
_bN86
100 _aNóvales, Alfonso
_eAUT
245 0 _aEconometría
260 _c1993
300 _a676 páginas :
_c23 cm.
650 _aGEN
654 _aCAN
942 _cLIB
_dJUS
_fJUS
_2ddc
_n
999 _c4747
_d4747